| 000 | 00762nam a2200253 i 4500 | ||
|---|---|---|---|
| 003 | DO-SdBNP | ||
| 005 | 20260629083457.0 | ||
| 007 | ta | ||
| 008 | 260629b2011 dr ab||| |||| 00| 0 spa d | ||
| 020 | _a9789945880809 | ||
| 040 |
_aDO-SdBNP _bspa _cBNPHU _erda |
||
| 041 | _aspa | ||
| 082 | 4 |
_axxx _bxxx _222 |
|
| 100 | 1 |
_aVega, Bernardo, _eautor _4aut. _985109 |
|
| 245 | 1 | 0 |
_aMe lo contó el Ozama / _cBernardo Vega |
| 264 | 1 |
_aSanto Domingo : _bFundación AES Dominicana; _bCasa de Teatro, _c2011. |
|
| 300 |
_a150 páginas : _bilustraciones, mapas ; _c24 cm. |
||
| 336 |
_atexto _btxt _2rdacontent |
||
| 337 |
_asin mediación _bn _2rdamedia |
||
| 338 |
_avolumen _bnc _2rdacarrier |
||
| 590 | _aInventariado, 2026/BT | ||
| 910 | _aBtavárez | ||
| 942 |
_2ddc _cLBS1 |
||
| 999 |
_c60961 _d60961 |
||